000 00561nam a2200181Ia 4500
008 100921s9999 xx 000 0 und d
082 _b14484
_a891.463 थ 77
100 _aभावे पुरूषोत्तम भास्कर.
245 _aराणी.
260 _bमेनका प्रकाशन,पुणे.
_c1977
300 _a241
_b---
365 _b15
520 _aललित-कादंबरी.
630 _aराणी.
650 _aललित-कादंबरी.
730 _aराणी.
942 _cBOOK
999 _c763597
_d763594